000 00439nam a2200169 a 4500
001 0000-8941
003 ELIB.Books
008 110520 1979
035 _a(ELIB.Books)0000-9089
082 _a268.435
_bCha
100 _aChapman, Gary D.
245 _aToward a Growing Marriage
260 _bChicago: Moody Press
_c1979
650 _aChristian Education (Adults)
942 _2ddc
_cBK
998 _cbat
_e2011-05-20
999 _c8941
_d8941